| 000 | 00393nam a2200157Ia 4500 | ||
|---|---|---|---|
| 999 |
_c31243 _d31243 |
||
| 003 | OSt | ||
| 005 | 20250821124049.0 | ||
| 008 | 250310s9999||||xx |||||||||||||| ||und|| | ||
| 040 | _c. | ||
| 082 |
_a813 _bR632 |
||
| 100 |
_95978 _aRobbins, Harold |
||
| 245 | 0 |
_aDescent from Xanadu / _cby Harold Robbins |
|
| 260 |
_aLondon : _bNew english library, _c1984. |
||
| 300 | _a330 p. | ||
| 942 |
_cBK _2ddc |
||